MARC details
| 000 -LEADER |
| fixed length control field |
03430cas a2200889 a 4500 |
| 001 - CONTROL NUMBER |
| control field |
data |
| 005 - DATE AND TIME OF LATEST TRANSACTION |
| control field |
20260322212104.0 |
| 008 - FIXED-LENGTH DATA ELEMENTS--GENERAL INFORMATION |
| fixed length control field |
data |
| 010 ## - LIBRARY OF CONGRESS CONTROL NUMBER |
| LC control number |
00243461 |
| 015 ## - NATIONAL BIBLIOGRAPHY NUMBER |
| National bibliography number |
016365917 |
| Source |
dnb |
| 015 ## - NATIONAL BIBLIOGRAPHY NUMBER |
| National bibliography number |
92,A46,0602 |
| Source |
dnb |
| 016 7# - NATIONAL BIBLIOGRAPHIC AGENCY CONTROL NUMBER |
| Record control number |
016365917 |
| Source |
DE-101 |
| 016 7# - NATIONAL BIBLIOGRAPHIC AGENCY CONTROL NUMBER |
| Record control number |
1106738-X |
| Source |
DE-600 |
| 016 7# - NATIONAL BIBLIOGRAPHIC AGENCY CONTROL NUMBER |
| Record control number |
100963897 |
| Source |
DNLM |
| 016 7# - NATIONAL BIBLIOGRAPHIC AGENCY CONTROL NUMBER |
| Record control number |
009833881 |
| Source |
Uk |
| 019 ## - |
| -- |
1230509524 |
| -- |
917240237 |
| -- |
975213704 |
| -- |
1065268655 |
| -- |
1230509524 |
| 022 ## - INTERNATIONAL STANDARD SERIAL NUMBER |
| International Standard Serial Number |
0940-9602 |
| Source |
j |
| 023 0# - CLUSTER ISSN |
| Cluster ISSN |
0940-9602 |
| Source |
j |
| 029 0# - OTHER SYSTEM CONTROL NUMBER (OCLC) |
| OCLC library identifier |
NLM |
| System control number |
100963897 |
| 029 1# - OTHER SYSTEM CONTROL NUMBER (OCLC) |
| OCLC library identifier |
AU@ |
| System control number |
000009174080 |
| 029 1# - OTHER SYSTEM CONTROL NUMBER (OCLC) |
| OCLC library identifier |
AU@ |
| System control number |
000022027314 |
| 029 1# - OTHER SYSTEM CONTROL NUMBER (OCLC) |
| OCLC library identifier |
NLGGC |
| System control number |
091975298 |
| 029 1# - OTHER SYSTEM CONTROL NUMBER (OCLC) |
| OCLC library identifier |
NZ1 |
| System control number |
11153984 |
| 029 1# - OTHER SYSTEM CONTROL NUMBER (OCLC) |
| OCLC library identifier |
NZ1 |
| System control number |
11687559 |
| 029 1# - OTHER SYSTEM CONTROL NUMBER (OCLC) |
| OCLC library identifier |
UKMGB |
| System control number |
009833881 |
| 035 ## - SYSTEM CONTROL NUMBER |
| System control number |
(OCoLC)45166416 |
| 040 ## - CATALOGING SOURCE |
| Original cataloging agency |
NLM |
| Language of cataloging |
eng |
| Transcribing agency |
NLM |
| Modifying agency |
OCLCQ |
| -- |
OCLCQ |
| -- |
MUQ |
| -- |
NLGGC |
| -- |
OCLCQ |
| -- |
GBVCP |
| -- |
CUS |
| -- |
OCLCQ |
| -- |
BUF |
| -- |
OCLCF |
| -- |
EUW |
| -- |
OCLCQ |
| -- |
DLC |
| -- |
IUL |
| -- |
DLC |
| -- |
UKMGB |
| -- |
OCLCO |
| -- |
IUL |
| -- |
OCLCA |
| -- |
OCLCO |
| -- |
OCL |
| -- |
OCLCQ |
| -- |
OCLCL |
| -- |
OCLCQ |
| 041 0# - LANGUAGE CODE |
| Language code of text/sound track or separate title |
ger |
| -- |
ger |
| Language code of summary or abstract |
eng |
| 042 ## - AUTHENTICATION CODE |
| Authentication code |
pcc |
| 050 00 - LIBRARY OF CONGRESS CALL NUMBER |
| Classification number |
QL801 |
| Item number |
.A5 |
| 060 00 - NATIONAL LIBRARY OF MEDICINE CALL NUMBER |
| Classification number |
W1 |
| Item number |
AN207 |
| 210 10 - ABBREVIATED TITLE |
| Abbreviated title |
Ann Anat |
| Source |
dnlm |
| 222 #0 - KEY TITLE |
| Key title |
Annals of anatomy |
| 245 00 - TITLE STATEMENT |
| Title |
Annals of anatomy = |
| Remainder of title |
Anatomischer Anzeiger : official organ of the Anatomische Gesellschaft. |
| 246 31 - VARYING FORM OF TITLE |
| Title proper/short title |
Anatomischer Anzeiger |
| 260 ## - PUBLICATION, DISTRIBUTION, ETC. |
| Materials specified |
1992-<1996>: |
| Place of publication, distribution, etc. |
New York : |
| -- |
New York : |
| Name of publisher, distributor, etc. |
G. Fischer, |
| Date of publication, distribution, etc. |
©1992- |
| 260 2# - PUBLICATION, DISTRIBUTION, ETC. |
| Materials specified |
<1999->: |
| Place of publication, distribution, etc. |
Jena : |
| Name of publisher, distributor, etc. |
Urban & Fischer |
| 260 3# - PUBLICATION, DISTRIBUTION, ETC. |
| Materials specified |
<2013-2017>: |
| Place of publication, distribution, etc. |
Munich : |
| Name of publisher, distributor, etc. |
Elsevier |
| 300 ## - PHYSICAL DESCRIPTION |
| Extent |
volumes : |
| Other physical details |
illustrations (some color) ; |
| Dimensions |
28 cm |
| 310 ## - CURRENT PUBLICATION FREQUENCY |
| Current publication frequency |
Six vols. a year, |
| Date of current publication frequency |
2015-<2017> |
| 321 ## - FORMER PUBLICATION FREQUENCY |
| Former publication frequency |
Bimonthly, |
| Dates of former publication frequency |
1992- |
| 321 ## - FORMER PUBLICATION FREQUENCY |
| Former publication frequency |
Six no. a year, |
| Dates of former publication frequency |
<1996>-2014 |
| 336 ## - CONTENT TYPE |
| Content type term |
text |
| Content type code |
txt |
| Source |
rdacontent |
| 337 ## - MEDIA TYPE |
| Media type term |
unmediated |
| Media type code |
n |
| Source |
rdamedia |
| 338 ## - CARRIER TYPE |
| Carrier type term |
volume |
| Carrier type code |
nc |
| Source |
rdacarrier |
| 362 0# - DATES OF PUBLICATION AND/OR SEQUENTIAL DESIGNATION |
| Dates of publication and/or sequential designation |
Vol. 174, no. 1 (Feb. 1992)- |
| 500 ## - GENERAL NOTE |
| General note |
Title from cover. |
| 510 0# - CITATION/REFERENCES NOTE |
| Name of source |
Chemical abstracts Service (CAS) |
| 515 ## - NUMBERING PECULIARITIES NOTE |
| Numbering peculiarities note |
Some issues combined. |
| 515 ## - NUMBERING PECULIARITIES NOTE |
| Numbering peculiarities note |
Issues for 2015-<2017> lack internal numbering. |
| 525 ## - SUPPLEMENT NOTE |
| Supplement note |
Supplements accompany some vols. |
| 546 ## - LANGUAGE NOTE |
| Language note |
English and German, with summaries in English. |
| 588 ## - SOURCE OF DESCRIPTION NOTE |
| Source of description note |
Latest issue consulted: Vol. 214 (2017). |
| 650 #0 - SUBJECT ADDED ENTRY--TOPICAL TERM |
| Topical term or geographic name entry element |
Anatomy, Comparative |
| Form subdivision |
Periodicals. |
| 650 #0 - SUBJECT ADDED ENTRY--TOPICAL TERM |
| Topical term or geographic name entry element |
Anatomy. |
| 650 12 - SUBJECT ADDED ENTRY--TOPICAL TERM |
| Topical term or geographic name entry element |
Anatomy |
| 650 #6 - SUBJECT ADDED ENTRY--TOPICAL TERM |
| Topical term or geographic name entry element |
Anatomie comparée |
| Form subdivision |
Périodiques. |
| 650 #6 - SUBJECT ADDED ENTRY--TOPICAL TERM |
| Topical term or geographic name entry element |
Anatomie. |
| 650 #7 - SUBJECT ADDED ENTRY--TOPICAL TERM |
| Topical term or geographic name entry element |
anatomy. |
| Source of heading or term |
aat |
| 650 #7 - SUBJECT ADDED ENTRY--TOPICAL TERM |
| Topical term or geographic name entry element |
Anatomy. |
| Source of heading or term |
fast |
| Authority record control number or standard number |
(OCoLC)fst00808440 |
| 650 #7 - SUBJECT ADDED ENTRY--TOPICAL TERM |
| Topical term or geographic name entry element |
Anatomy, Comparative. |
| Source of heading or term |
fast |
| Authority record control number or standard number |
(OCoLC)fst00808455 |
| 650 17 - SUBJECT ADDED ENTRY--TOPICAL TERM |
| Topical term or geographic name entry element |
Anatomie. |
| Source of heading or term |
gtt |
| 655 #2 - INDEX TERM--GENRE/FORM |
| Genre/form data or focus term |
Periodical |
| 655 #7 - INDEX TERM--GENRE/FORM |
| Genre/form data or focus term |
Periodicals. |
| Source of term |
fast |
| Authority record control number or standard number |
(OCoLC)fst01411641 |
| 710 2# - ADDED ENTRY--CORPORATE NAME |
| Corporate name or jurisdiction name as entry element |
Anatomische Gesellschaft, |
| Relator term |
issuing body. |
| Real World Object URI |
https://id.oclc.org/worldcat/entity/E39QH7JmqHdDwWb63yHdRBv7B6 |
| 776 08 - ADDITIONAL PHYSICAL FORM ENTRY |
| Relationship information |
Online version: |
| Title |
Annals of anatomy |
| International Standard Serial Number |
1618-0402 |
| Record control number |
(OCoLC)58796533 |
| -- |
(OCoLC)58796533 |
| 780 00 - PRECEDING ENTRY |
| Title |
Anatomischer Anzeiger |
| International Standard Serial Number |
0003-2786 |
| Record control number |
(OCoLC)1481090 |
| -- |
(OCoLC)1481090 |
| 859 41 - LOCAL CONTROL INFORMATION (RLIN) |
| -- |
http://www.journals.elsevier.com/annals-of-anatomy/ |
| 859 41 - LOCAL CONTROL INFORMATION (RLIN) |
| -- |
http://www.sciencedirect.com/science/journal/09409602 |
| 906 ## - LOCAL DATA ELEMENT F, LDF (RLIN) |
| a |
7 |
| b |
cbc |
| c |
serials |
| d |
2 |
| e |
ncip |
| f |
20 |
| g |
n-oclcserc |
| 925 0# - |
| -- |
Acquire |
| -- |
1 shelf copy |
| -- |
policy default 08-02-2001 |
| 955 ## - COPY-LEVEL INFORMATION (RLIN) |
| -- |
db69 2001-08-10 to Acq. for PO creation. |
| 985 ## - |
| -- |
eserial 200406 |